Statistiken für Die größten Städte der USA

Klicken Sie hier um das Quiz zu spielen!

Allgemein

  • Dieses Quiz wurde 25.269 mal gespielt
  • Das Durchschnittsergebnis liegt bei 22 aus 50

Antwortstatistiken

BevölkerungStaatStadt% Korrekt
8'537'673New YorkNew York City
100%
3'976'322KalifornienLos Angeles
97%
453'579FloridaMiami
87%
2'704'958IllinoisChicago
87%
870'887KalifornienSan Francisco
87%
681'170District of ColumbiaWashington
87%
632'912NevadaLas Vegas
78%
673'184MassachusettsBoston
77%
1'317'929TexasDallas
75%
2'303'482TexasHouston
74%
704'352WashingtonSeattle
74%
1'567'872PennsylvaniaPhiladelphia
67%
672'795MichiganDetroit
65%
472'522GeorgiaAtlanta
64%
693'060ColoradoDenver
64%
1'406'630KalifornienSan Diego
63%
1'615'017ArizonaPhoenix
58%
391'495LouisianaNew Orleans
57%
947'890TexasAustin
51%
495'234KalifornienSacramento
46%
639'863OregonPortland
46%
481'420KansasKansas City
45%
855'164IndianaIndianapolis
43%
1'492'510TexasSan Antonio
41%
413'651MinnesotaMinneapolis
39%
660'388TennesseeNashville
37%
638'367OklahomaOklahoma City
36%
880'619FloridaJacksonville
36%
1'025'350KalifornienSan Jose
35%
652'717TennesseeMemphis
34%
614'664MarylandBaltimore
34%
842'051North CarolinaCharlotte
31%
595'047WisconsinMilwaukee
27%
683'080TexasEl Paso
26%
559'277New MexicoAlbuquerque
26%
860'090OhioColumbus
26%
420'005KalifornienOakland
21%
530'706ArizonaTucson
21%
854'113TexasFort Worth
21%
616'261KentuckyLouisville
18%
458'880North CarolinaRaleigh
17%
446'970NebraskaOmaha
17%
522'053KalifornienFresno
15%
470'130KalifornienLong Beach
14%
403'090OklahomaTulsa
14%
389'902KansasWichita
13%
452'602VirginiaVirginia Beach
13%
465'101ColoradoColorado Springs
13%
392'772TexasArlington
11%
484'587ArizonaMesa
11%

Verteilung der Resultate

Perzentil nach korrekt beantworteten Fragen

Anzahl Personen mit jedem Resultat

Ihre Resultats-Entwicklung

Sie haben dieses Quiz noch nicht gespielt